Catálogo
 En Linea

La mosca soldado / (Registro nro. 50421)

Detalles MARC
000 -CABECERA
campo de control de longitud fija 00946nam a22002657a 4500
003 - IDENTIFICADOR DEL NÚMERO DE CONTROL
campo de control DO-SdBNP
005 - FECHA Y HORA DE LA ÚLTIMA TRANSACCIÓN
campo de control 20240530073925.0
007 - CAMPO FIJO DE DESCRIPCIÓN FÍSICA--INFORMACIÓN GENERAL
campo de control de longitud fija ta
008 - DATOS DE LONGITUD FIJA--INFORMACIÓN GENERAL
campo de control de longitud fija 210906b2015 dr ||||| |||| 00| f spa d
020 ## - NÚMERO INTERNACIONAL ESTÁNDAR DEL LIBRO
Número Internacional Estándar del Libro 9789945589610
040 ## - FUENTE DE LA CATALOGACIÓN
Centro catalogador/agencia de origen DO-SdBNP
Lengua de catalogación spa
Centro/agencia transcriptor BNPHU
082 #4 - NÚMERO DE LA CLASIFICACIÓN DECIMAL DEWEY
Número de clasificación RD863.44
Número de documento/Ítem V443m, 2015
Número de edición 22
100 1# - ENTRADA PRINCIPAL--NOMBRE DE PERSONA
Nombre de persona Veloz Maggiolo, Marcio,
Fechas asociadas al nombre 1936-2021
9 (RLIN) 1104
245 13 - MENCIÓN DE TÍTULO
Título La mosca soldado /
Mención de responsabilidad, etc. Marcio Veloz Maggiolo ; edición Ana Isabel Peñate Leiva.
260 ## - PUBLICACIÓN, DISTRIBUCIÓN, ETC.
Lugar de publicación, distribución, etc. Santo Domingo :
Nombre del editor, distribuidor, etc. Santuario,
Fecha de publicación, distribución, etc. 2015.
300 ## - DESCRIPCIÓN FÍSICA
Extensión 238 p. ;
Dimensiones 23 cm.
500 ## - NOTA GENERAL
Nota general Incluye datos biográficos del autor en la solapa de la cubierta.
586 ## - NOTA DE PREMIOS
Nota de premios Premio de Narrativa José María Arguedas, Casa de las Américas -novela-
590 ## - NOTA LOCAL (RLIN)
Nota local Inventariado, 2021/ LP
650 10 - PUNTO DE ACCESO ADICIONAL DE MATERIA--TÉRMINO DE MATERIA
Término de materia o nombre geográfico como elemento de entrada Novela dominicana
9 (RLIN) 223
650 10 - PUNTO DE ACCESO ADICIONAL DE MATERIA--TÉRMINO DE MATERIA
Término de materia o nombre geográfico como elemento de entrada Literatura dominicana.
9 (RLIN) 67
700 1# - PUNTO DE ACCESO ADICIONAL--NOMBRE DE PERSONA
Nombre de persona Peñate Leiva, Ana Isabel,
Término indicativo de función/relación ed.
9 (RLIN) 79754
910 ## - DATOS DE OPCIÓN DEL USUARIO (OCLC)
Datos de opción del usuario LP/Validado. Control de calidad MFF
942 ## - ELEMENTOS DE PUNTO DE ACCESO ADICIONAL (KOHA)
Fuente del sistema de clasificación o colocación Dewey Decimal Classification
Tipo de ítem Koha Libro
Existencias
Estado de retiro Estado de pérdida Fuente del sistema de clasificación o colocación No para préstamo Código de colección Localización permanente Ubicación/localización actual Ubicación en estantería Fecha de adquisición Fuente de adquisición Total de préstamos Signatura topográfica completa Código de barras Fecha visto por última vez Número de copia Precio válido a partir de Tipo de ítem Koha Restricciones de uso
    Dewey Decimal Classification Préstamo en sala Dominicana de Servicio Biblioteca Nacional Pedro Henríquez Ureña Biblioteca Nacional Pedro Henríquez Ureña Depósito 06.09.2021 Compra   BNPHU DS RD863.44 V443m 2015 2021-26127 06.09.2021 e.5 06.09.2021 Libro  
    Dewey Decimal Classification   Patrimonio Dominicano Biblioteca Nacional Pedro Henríquez Ureña Biblioteca Nacional Pedro Henríquez Ureña Depósito 06.09.2021 Compra   BNPHU PD RD863.44 V443m 2015 2021-26123 06.09.2021   06.09.2021 Libro Préstamo restringido
    Dewey Decimal Classification Préstamo restrigido Patrimonio Dominicano Biblioteca Nacional Pedro Henríquez Ureña Biblioteca Nacional Pedro Henríquez Ureña Depósito 06.09.2021 Compra   BNPHU PD RD863.44 V443m 2015 2021-26124 06.09.2021 e.2 06.09.2021 Libro  
    Dewey Decimal Classification Préstamo en sala Dominicana de Servicio Biblioteca Nacional Pedro Henríquez Ureña Biblioteca Nacional Pedro Henríquez Ureña Depósito 06.09.2021 Compra   BNPHU DS RD863.44 V443m 2015 2021-26125 06.09.2021 e.3 06.09.2021 Libro  
    Dewey Decimal Classification Préstamo en sala Dominicana de Servicio Biblioteca Nacional Pedro Henríquez Ureña Biblioteca Nacional Pedro Henríquez Ureña Depósito 06.09.2021 Compra   BNPHU DS RD863.44 V443m 2015 2021-26126 06.09.2021 e.4 06.09.2021 Libro  

Con tecnología Koha